[Event "AUTO-BEG-456"]
[Site "http://www.queenalice.com/game.php?id=889064"]
[Date "2011.1.21"]
[Round "1"]
[White "Newton"]
[Black "ronisj"]
[Result "1-0"]
[WhiteElo "1368"]
[BlackElo "1325"]

1. e4 d6 2. d4 b6 3. Nf3 Nf6 4. Nc3 Bd7 5. Bd3 Nc6 6. Be3 Bg4 7. O-O h6 8. h3
Bxf3 9. Qxf3 e5 10. dxe5 dxe5 11. Rad1 Bd6 12. Nd5 a6 13. Nxf6+ Qxf6 14. Qxf6
gxf6 15. f4 Nb4 16. fxe5 Bxe5 17. c3 Nxd3 18. Rxd3 Rh7 19. Bd4 Rd8 20. Rff3 c5
21. Bxe5 fxe5 22. Rxd8+ Kxd8 23. Rf5 f6 24. Rxf6 Rd7 25. Rxb6 Rd1+ 26. Kh2 Re1
27. Rxa6 Rxe4 28. Rxh6 c4 29. Re6 1-0

[Event "AUTO-BEG-456"]
[Site "http://www.queenalice.com/game.php?id=889065"]
[Date "2011.1.21"]
[Round "1"]
[White "ronisj"]
[Black "Newton"]
[Result "0-1"]
[WhiteElo "1286"]
[BlackElo "1407"]

1. e3 e5 2. Bc4 d5 3. Be2 Nf6 4. h3 Nc6 5. a3 Bd6 6. Bb5 Bd7 7. c3 O-O 8. Bxc6
Bxc6 9. d4 e4 10. f3 Bg3+ 11. Ke2 Re8 12. Kf1 Bb5+ 13. Ne2 Nh5 14. a4 Bxe2+ 15.
Qxe2 Bd6 16. Qb5 Ng3+ 17. Ke1 Nxh1 18. Nd2 Qh4+ 19. Kd1 exf3 20. gxf3 Rxe3 21.
Qxb7 Qe1+ 22. Kc2 Rae8 23. Qxa7 Nf2 24. a5 Qd1+ 25. Kb1 Re1 26. Ka2 Nd3 27. Nb3
Nxc1+ 28. Nxc1 Qa4+ 0-1

[Event "AUTO-BEG-456"]
[Site "http://www.queenalice.com/game.php?id=889078"]
[Date "2011.1.21"]
[Round "1"]
[White "ronisj"]
[Black "Cidebur"]
[Result "0-1"]
[WhiteElo "1176"]
[BlackElo "1166"]

1. e3 e5 2. Bb5 a6 3. Bc4 d5 4. Be2 Nf6 5. f3 Be7 6. b3 O-O 7. Bb2 Nc6 8. d4 e4
9. Ba3 Bxa3 10. Nxa3 Nb4 11. Qd2 Qd6 12. Nb1 b5 0-1

[Event "AUTO-BEG-456"]
[Site "http://www.queenalice.com/game.php?id=889079"]
[Date "2011.1.21"]
[Round "1"]
[White "Cidebur"]
[Black "ronisj"]
[Result "1-0"]
[WhiteElo "1201"]
[BlackElo "1176"]

1. c4 c6 2. Nf3 f6 3. e4 Nh6 4. d4 g5 5. Bxg5 fxg5 6. Nxg5 Qa5+ 7. Nc3 b6 8. e5
Na6 9. a3 b5 10. Be2 e6 11. Bh5+ Kd8 12. O-O 1-0

[Event "AUTO-BEG-456"]
[Site "http://www.queenalice.com/game.php?id=889080"]
[Date "2011.1.21"]
[Round "1"]
[White "ronisj"]
[Black "Mulder"]
[Result "1-0"]
[WhiteElo "1306"]
[BlackElo "1401"]

1. e3 d5 2. Nc3 Nf6 3. h3 e6 4. d3 Bb4 5. Bd2 Qd7 6. a3 Bxc3 7. Bxc3 O-O 8. Bxf6
gxf6 9. Qg4+ Kh8 10. d4 Qd6 11. Bd3 e5 12. Qh4 f5 13. Nf3 e4 14. Ng5 exd3 15.
Qxh7# 1-0

[Event "AUTO-BEG-456"]
[Site "http://www.queenalice.com/game.php?id=889081"]
[Date "2011.1.21"]
[Round "1"]
[White "Mulder"]
[Black "ronisj"]
[Result "1-0"]
[WhiteElo "1434"]
[BlackElo "1337"]

1. e4 e6 2. Nf3 d5 3. e5 g6 4. Bb5+ Bd7 5. Bxd7+ Nxd7 6. O-O f6 7. Nc3 a6 8. a3
fxe5 9. d3 Qe7 10. Na4 O-O-O 11. Bg5 Ngf6 12. Re1 h6 13. Nh4 Qf7 14. Bxf6 Qxf6
15. Qg4 g5 16. Nf3 c6 17. Rad1 e4 18. dxe4 h5 19. Qxg5 Qxg5 20. Nxg5 Re8 21.
exd5 cxd5 22. Nxe6 Rh6 23. Nd4 Re4 24. Rxe4 dxe4 25. b4 b5 26. Nc3 Nf6 27. Ne6
Rh8 28. Rd8+ Kb7 29. Nxf8 1-0

[Event "AUTO-BEG-459"]
[Site "http://www.queenalice.com/game.php?id=892995"]
[Date "2011.1.29"]
[Round "1"]
[White "ronisj"]
[Black "Gaberade"]
[Result "1-0"]
[WhiteElo "1301"]
[BlackElo "1030"]

1. e3 h5 2. Bc4 Nf6 3. h3 d5 4. Bb5+ c6 5. Bd3 Ng4 6. hxg4 hxg4 7. Rxh8 Nd7 8.
Qxg4 e6 9. Nf3 f5 10. Qg6+ Ke7 11. b3 b5 12. Bb2 b4 13. Bxg7 Nc5 14. Bf6+ Kd6
15. Bxd8 Nxd3+ 16. cxd3 Ba6 17. Rxf8 Bxd3 18. Qg3+ Kc5 19. Be7+ Kb5 20. Rxa8 f4
21. Qxf4 a6 22. Qb8+ Ka5 23. Qxb4# 1-0

[Event "AUTO-BEG-459"]
[Site "http://www.queenalice.com/game.php?id=892996"]
[Date "2011.1.29"]
[Round "1"]
[White "Gaberade"]
[Black "ronisj"]
[Result "0-1"]
[WhiteElo "1034"]
[BlackElo "1326"]

1. g4 e6 2. e4 Bc5 3. Qe2 b6 4. d3 g5 5. Nh3 h6 6. a3 Nf6 7. f4 Nc6 8. fxg5 Nd4
9. Qg2 Nxg4 10. Qxg4 Nxc2+ 11. Kd2 Nxa1 12. Kd1 Rg8 13. Qh4 Nb3 14. Bf4 d5 15.
Qxh6 Kd7 16. d4 Bxd4 17. exd5 Bxb2 18. Qh7 Bg7 19. Qc2 Nc5 20. Qc3 Bxc3 21. Nxc3
Ba6 22. Bg2 Qe7 23. Be5 Nd3 24. d6 cxd6 25. Bf4 d5 26. Rf1 Nb2+ 27. Ke1 Bxf1 28.
Kxf1 Qxa3 29. Nb5 Qd3+ 30. Kg1 Qxb5 31. g6 Rxg6 32. Ng5 Qc5+ 33. Kh1 Rf6 34. Bc1
Qxc1+ 35. Bf1 Qxf1# 0-1

[Event "AUTO-BEG-459"]
[Site "http://www.queenalice.com/game.php?id=892998"]
[Date "2011.1.29"]
[Round "1"]
[White "castropereira"]
[Black "ronisj"]
[Result "0-1"]
[WhiteElo "1100"]
[BlackElo "1330"]

1. e4 e5 2. Nf3 Nc6 3. b3 Nf6 4. a3 Nxe4 5. d3 Nd6 6. g4 f6 7. g5 h6 8. gxh6
Rxh6 9. c3 g5 10. d4 exd4 11. cxd4 Qe7+ 12. Be2 Na5 13. b4 Nac4 14. a4 g4 15.
Nfd2 Rh4 16. h3 gxh3 17. Nf3 Rh8 18. Ra2 b6 19. Rc2 Bb7 20. Rxh3 Rxh3 21. Rxc4
Rh1+ 22. Kd2 Nxc4+ 23. Kc2 Rxd1 24. Kxd1 Bxf3 25. Bxf3 c6 26. Be2 Qxb4 27. f4
Qxa4+ 28. Ke1 O-O-O 29. Bf3 Re8+ 30. Kf1 Qc2 31. Bh5 Qxc1+ 32. Kg2 Ne3+ 33. Kg3
Qe1+ 34. Kh3 Re4 35. Na3 Rxf4 36. Kh2 Rh4# 0-1

[Event "AUTO-BEG-459"]
[Site "http://www.queenalice.com/game.php?id=892999"]
[Date "2011.1.29"]
[Round "1"]
[White "ronisj"]
[Black "Jules_Winnfield86"]
[Result "0-1"]
[WhiteElo "1326"]
[BlackElo "1757"]

1. e3 d5 2. Nc3 e5 3. Nf3 Bg4 4. h3 Bxf3 5. Qxf3 c6 6. e4 d4 7. Na4 b5 8. c3
bxa4 9. Bc4 Qf6 10. Qf5 Qxf5 11. exf5 h5 12. d3 Ne7 13. g4 hxg4 14. cxd4 exd4
15. Bf4 Nxf5 16. Kd2 Bd6 17. Bh2 Bxh2 18. Rxh2 Nd7 19. Re1+ Kf8 20. Rg1 Ne5 0-1

[Event "AUTO-BEG-459"]
[Site "http://www.queenalice.com/game.php?id=893000"]
[Date "2011.1.29"]
[Round "1"]
[White "Jules_Winnfield86"]
[Black "ronisj"]
[Result "1-0"]
[WhiteElo "1757"]
[BlackElo "1337"]

1. d4 e6 2. c4 b6 3. e4 Nf6 4. Nc3 Bb7 5. Bd3 d5 6. cxd5 exd5 7. e5 Ne4 8. Qe2
g6 9. Nxe4 dxe4 10. Bxe4 Bb4+ 11. Kf1 Nc6 12. Qc4 Nxe5 13. Qb5+ Nd7 14. Bxb7 Qe7
15. Qe2 Rb8 16. Qxe7+ Kxe7 17. Bf3 Rhe8 18. Be3 Kf8 19. Ne2 Re7 20. g3 Bd6 21.
Kg2 c5 22. Rac1 Rxe3 23. fxe3 Re8 24. Kf2 Nf6 25. Rhd1 cxd4 26. exd4 a5 27. Rc6
Rd8 28. Rxb6 h5 29. Ra6 Rb8 30. Rxd6 Ne8 31. Ra6 Rxb2 32. Ra8 Rb5 33. Rxe8+ Kxe8
34. Bc6+ Kf8 35. Bxb5 f5 36. Rc1 g5 37. Rc7 g4 38. d5 1-0

[Event "AUTO-BEG-460"]
[Site "http://www.queenalice.com/game.php?id=894227"]
[Date "2011.2.1"]
[Round "1"]
[White "ronisj"]
[Black "Karlozf"]
[Result "0-1"]
[WhiteElo "1263"]
[BlackElo "1392"]

1. e3 e5 2. Bc4 d5 3. Bb5+ Nc6 4. Bxc6+ bxc6 5. g3 Nf6 6. h3 d4 7. Nf3 d3 8.
Nxe5 Qd5 9. Nf3 dxc2 10. Qxc2 Qxf3 11. Rg1 Bxh3 12. Nc3 Nd5 13. Nxd5 Qxd5 14. e4
O-O-O 15. d3 Bb4+ 16. Bd2 Bxd2+ 17. Qxd2 Qe5 18. Rh1 Bg4 19. Rc1 Bf3 0-1

[Event "AUTO-BEG-460"]
[Site "http://www.queenalice.com/game.php?id=894228"]
[Date "2011.2.1"]
[Round "1"]
[White "Karlozf"]
[Black "ronisj"]
[Result "1-0"]
[WhiteElo "1380"]
[BlackElo "1275"]

1. d4 e6 2. Nf3 Nf6 3. c4 d6 4. Nc3 c6 5. d5 h6 6. e4 Qc7 7. Be2 exd5 8. exd5
cxd5 9. cxd5 Be7 10. Qd4 a6 11. Bd3 Nbd7 12. O-O Nc5 13. Bc2 Bg4 14. Ba4+ Bd7
15. Re1 Nxa4 16. Nxa4 Bxa4 17. Qxa4+ b5 18. Qd1 O-O 19. a4 Qc5 20. Rxe7 Ng4 21.
Qd4 1-0

[Event "AUTO-BEG-460"]
[Site "http://www.queenalice.com/game.php?id=894229"]
[Date "2011.2.1"]
[Round "1"]
[White "ronisj"]
[Black "moira"]
[Result "0-1"]
[WhiteElo "1252"]
[BlackElo "941"]

1. e3 d5 2. Nf3 e6 3. Nd4 Nf6 4. h3 Bc5 5. Nb3 Bd6 6. Bb5+ Bd7 7. Qe2 Ne4 8. Qg4
Bxb5 9. Qxg7 Rf8 10. d3 Nc5 11. Nxc5 b6 12. Nb3 Nc6 13. e4 Nb4 14. Bg5 Be7 15.
Bxe7 Kxe7 16. Na3 Ba6 17. Qxh7 Nxc2+ 18. Nxc2 Bxd3 19. O-O-O Bxe4 20. Qh4+ f6
21. f3 Bxc2 22. Kxc2 Rg8 23. g4 c5 0-1

[Event "AUTO-BEG-460"]
[Site "http://www.queenalice.com/game.php?id=894230"]
[Date "2011.2.1"]
[Round "1"]
[White "moira"]
[Black "ronisj"]
[Result "1-0"]
[WhiteElo "969"]
[BlackElo "1201"]

1. e4 e6 2. d3 Bc5 3. Be3 b6 4. Nc3 Bxe3 5. fxe3 Ba6 6. e5 Nc6 7. Qh5 g6 8. Qg4
Nxe5 9. Qe4 f6 10. d4 Bxf1 11. Kxf1 Nc4 12. d5 Nd2+ 13. Ke2 Nxe4 14. Nxe4 f5 15.
Nc3 c6 16. dxc6 dxc6 17. Nf3 Nh6 18. Rad1 Qe7 19. Ne5 Qc5 20. h3 Qxe5 21. Kd2 f4
22. e4 O-O 23. Kc1 Nf7 24. Rhf1 1-0

[Event "AUTO-BEG-460"]
[Site "http://www.queenalice.com/game.php?id=894231"]
[Date "2011.2.1"]
[Round "1"]
[White "ronisj"]
[Black "rafa_sax88"]
[Result "0-1"]
[WhiteElo "1224"]
[BlackElo "1330"]

1. e3 e5 2. Bc4 d5 3. Bb5+ c6 4. Bf1 Nf6 5. h3 c5 6. Bb5+ Nc6 7. Bxc6+ bxc6 8.
Nf3 e4 9. Ne5 Qd6 10. Ng4 Bf5 11. Nxf6+ Qxf6 12. c3 Bd6 13. Qb3 O-O 14. Qb7 d4
15. Qxc6 dxe3 16. dxe3 Rac8 17. Qb7 Rc7 18. Qa6 Qg5 19. g3 Qh5 0-1

[Event "AUTO-BEG-460"]
[Site "http://www.queenalice.com/game.php?id=894232"]
[Date "2011.2.1"]
[Round "1"]
[White "rafa_sax88"]
[Black "ronisj"]
[Result "1-0"]
[WhiteElo "1342"]
[BlackElo "1212"]

1. e4 e6 2. Nf3 Nf6 3. d3 c6 4. Nc3 e5 5. Nxe5 Qe7 6. d4 d6 7. Nc4 Qe6 8. e5
dxe5 9. Nxe5 Nbd7 10. Bf4 Nxe5 11. Bxe5 Qf5 12. Bd3 Qg5 13. Rg1 Bb4 14. Qe2 O-O
15. Bxf6 Qxf6 16. Qe4 g6 17. f4 Bf5 18. Qe3 Bxd3 19. cxd3 1-0

[Event "AUTO-BEG-461"]
[Site "http://www.queenalice.com/game.php?id=896781"]
[Date "2011.2.6"]
[Round "1"]
[White "Flechaligeira"]
[Black "ronisj"]
[Result "1-0"]
[WhiteElo "1006"]
[BlackElo "1337"]

1. d4 e6 2. c4 b6 3. Nf3 f6 4. Nc3 Ba6 5. e3 Bb7 6. Bd3 g6 7. O-O c6 8. e4 Ne7
9. d5 cxd5 10. exd5 exd5 11. Re1 Bg7 12. cxd5 O-O 13. d6 Nc8 14. Bf4 Bxf3 15.
Qxf3 Nc6 16. Rad1 Nxd6 17. Bxd6 Rf7 18. Bc4 Ne5 19. Bxe5 fxe5 20. Bxf7+ Kh8 21.
Rxd7 1-0

[Event "AUTO-BEG-461"]
[Site "http://www.queenalice.com/game.php?id=896782"]
[Date "2011.2.6"]
[Round "1"]
[White "ronisj"]
[Black "Flechaligeira"]
[Result "0-1"]
[WhiteElo "1176"]
[BlackElo "1800"]

1. e3 e5 2. Bc4 d5 3. Bb5+ Bd7 4. Nc3 Nf6 5. d4 c6 6. Be2 e4 7. Na4 Bd6 8. c4
O-O 9. Qb3 b5 10. cxb5 cxb5 11. Bxb5 Qa5+ 12. Bd2 Qxb5 13. Qxb5 Bxb5 14. Nc3 Bd3
15. Nb5 Bxb5 16. Ne2 Nc6 17. a3 Bxe2 18. Kxe2 Nd7 19. Rac1 Rac8 20. Rhd1 Nb6 21.
b4 Nc4 22. Kf1 Nxa3 23. Rc3 Nc4 24. g3 Nxd2+ 25. Rxd2 Bxb4 26. Rcc2 Bxd2 0-1

[Event "AUTO-BEG-461"]
[Site "http://www.queenalice.com/game.php?id=896793"]
[Date "2011.2.6"]
[Round "1"]
[White "dlabedz"]
[Black "ronisj"]
[Result "1-0"]
[WhiteElo "1394"]
[BlackElo "1174"]

1. d4 e6 2. d5 b6 3. c4 Ba6 4. e3 d6 5. a3 Nf6 6. f3 Bb7 7. e4 Be7 8. h4 Nh5 9.
Rh3 Bxh4+ 10. Kd2 Qg5+ 11. Kc2 Qf6 12. Qd3 Nf4 13. Qc3 Nxh3 14. Nxh3 h6 15. Nf4
Qg5 16. Nh3 Qf6 17. Qd3 e5 18. Nc3 a6 19. Bd2 1-0

[Event "AUTO-BEG-461"]
[Site "http://www.queenalice.com/game.php?id=896794"]
[Date "2011.2.6"]
[Round "1"]
[White "ronisj"]
[Black "dlabedz"]
[Result "0-1"]
[WhiteElo "1167"]
[BlackElo "1401"]

1. e3 a6 2. Bc4 b5 3. Bd5 Ra7 4. d4 c6 5. Bb3 Nf6 6. c3 d5 7. h3 h5 8. Nd2 a5 9.
a4 b4 10. Qf3 Ng4 11. Qf4 Rb7 12. f3 Nf6 13. e4 g6 14. Bc2 Nbd7 15. e5 Ne4 16.
fxe4 Bg7 17. Ne2 Bh6 0-1

[Event "AUTO-BEG-461"]
[Site "http://www.queenalice.com/game.php?id=896799"]
[Date "2011.2.6"]
[Round "1"]
[White "Newton"]
[Black "ronisj"]
[Result "1-0"]
[WhiteElo "1395"]
[BlackElo "1298"]

1. e4 e6 2. d4 Be7 3. Nf3 d6 4. Bd3 d5 5. exd5 Qxd5 6. Nc3 Qa5 7. Bd2 Qh5 8. O-O
g5 9. Nb5 Na6 10. Bc3 c6 11. Na3 Nf6 12. d5 exd5 13. Re1 Be6 14. h3 O-O 15. Be2
g4 16. Nd4 Nc5 17. Nxe6 Nxe6 18. Bxf6 1-0

[Event "AUTO-BEG-461"]
[Site "http://www.queenalice.com/game.php?id=896800"]
[Date "2011.2.6"]
[Round "1"]
[White "ronisj"]
[Black "Newton"]
[Result "0-1"]
[WhiteElo "1311"]
[BlackElo "1382"]

1. e3 e5 2. Bc4 Nf6 3. b3 d5 4. Bb5+ Bd7 5. Qe2 Bd6 6. Bb2 a6 7. Bxd7+ Nbxd7 8.
h3 O-O 9. f4 exf4 10. exf4 Bxf4 11. Nf3 Re8 12. Ne5 Nxe5 13. O-O Ng6 14. Qf3 Qd6
15. d3 Nh4 0-1